000 01734nam a2200229Ia 4500
003 Ost
005 20260507075430.0
008 260507s9999||||xx |||||||||||||| ||und||
040 _cfsecg
041 _aara
082 _a330.9
100 _aمصطفى، أحمد فريد
_eمؤلف
245 0 _aتطور التاريخ الاقتصادي الإسلامي والوضعي /
_c أحمد فريد مصطفى
260 _aالاسكندرية:
_bمؤسسة شباب الجامعة,
_c2007
300 _a221 صفحة؛
_bإيضاحات ؛
_c24 سم
504 _aببليوغرافيا: ص.218-219
520 _aيضم مرحلة تكوين اقتصاديات العالم، مصادر التمويل في العصر الاسلامي، عصر الخلفاء الراشدين، مرحلة النضج في اقتصاديات العالم الاسلامي، مرحلة الركود والتخلف في اقتصاديات العالم الاسلامي، النظام الاقتصادي ي اروبا، مذهب التجاريين وظهور الرأسمالية التجارية، الرأسمالية الصناعية، التطورات الاقتصادية في اروبا بعد الثورة الصناعية، المشاكل الاقتتصادية فيما بين الحربين العالميتين، التطور التاريخي للاتفاقية العامة للتعريفات والتجارة، أهم النتائج التي تمخضت عنها جولة أوروجواي، الأثار المرتقبة لجولة اوروجواي على الدول العربية
653 _aالاقتصاد اسلامي
653 _aالاقتصاد-تاريخ
653 _aالتاريخ الاقتصادي
942 _cكتاب
999 _c44511
_d44511